Statistics for Arsenal women squad 23/24

Click here to take the quiz!

General Stats

  • This quiz has been taken 495 times
    (116 since last reset)
  • The average score is 21 of 26

Answer Stats

#NationPositionAnswer% Correct
15IrelandFWKatie McCabe
96%
6EnglandDFLeah Williamson
95%
1AustriaGKManuela Zinsberger
94%
11NetherlandsFWVivianne Miedema
92%
9EnglandFWBeth Mead
91%
2USADFEmily Fox
91%
7AustraliaDFSteph Catley
91%
3EnglandDFLotte Wubben-Moy
90%
23EnglandFWAlessia Russo
88%
SwedenCoachJonas Eidevall
88%
32AustraliaMFKyra Cooney-Cross
87%
25SwedenFWStina Blackstenius
87%
19AustraliaFWCaitlin Foord
86%
10ScotlandMFKim Little
85%
24CanadaFWCloe Lacasse
83%
12NorwayMFFrida Maanum
83%
13SwitzerlandMFLia Wälti
82%
14CanadaGKSabrina D`Angelo
82%
27SpainDFLaia Codina
81%
21NetherlandsMFVictoria Pelova
79%
26AustriaDFLaura Wienroither
78%
17SwedenFWLina Hurtig
76%
28SwedenDFAmanda Ilestedt
72%
29EnglandDFTeyah Goldie
58%
40EnglandGKNaomi Williams
54%
18USAGKKaylan Marckese
44%

Score Distribution

Percentile by Number Answered

Percent of People with Each Score

Your Score History

You have not taken this quiz since the last reset